Quản trị hành chính văn phòng

Trình bày đại cương về quản trị hành chính văn phòng, chức năng của quản trị hành chính văn phòng, mục tiêu hoạch định và tổ chức quản trị thời gian, quản trị thông tin, quản trị hành chính văn phòng một cách khoa học, đơn giản hoá công việc hà...

Descrición completa

Gardado en:
Detalles Bibliográficos
Autor Principal: Đồng, Thị Thanh Phương
Formato: Libro
Idioma:Undetermined
Publicado: Tp. HCM Tổng hợp 2011
Những chủ đề:
Các nhãn: Engadir etiqueta
Sen Etiquetas, Sexa o primeiro en etiquetar este rexistro!
Thư viện lưu trữ: Trung tâm Học liệu Trường Đại học Cần Thơ
LEADER 01080nam a2200205Ia 4500
001 CTU_188044
008 210402s9999 xx 000 0 und d
020 |c 40000 
082 |a 651.3 
082 |b Ph561 
100 |a Đồng, Thị Thanh Phương 
245 0 |a Quản trị hành chính văn phòng 
245 0 |c Đồng Thị Thanh Phương, Nguyễn Thị Ngọc An 
260 |a Tp. HCM 
260 |b Tổng hợp 
260 |c 2011 
520 |a Trình bày đại cương về quản trị hành chính văn phòng, chức năng của quản trị hành chính văn phòng, mục tiêu hoạch định và tổ chức quản trị thời gian, quản trị thông tin, quản trị hành chính văn phòng một cách khoa học, đơn giản hoá công việc hành chính, thư tín thương mại quốc tế... Nghiệp vụ hành chính văn phòng 
650 |a Office management,Quản trị văn phòng 
904 |i Bằng 
980 |a Trung tâm Học liệu Trường Đại học Cần Thơ